| 000 | 01027nam a2200265 a 4500 | ||
|---|---|---|---|
| 001 | 000023170 | ||
| 005 | 20200930022032.0 | ||
| 008 | 101129s1979 mx b r 000 m spa d | ||
| 020 | _a9682305144 | ||
| 040 |
_aDO-SdBNP _bspa _cBNPHU |
||
| 041 | 1 | 7 |
_aspa _hfre _2Código de idiomas MARC |
| 082 |
_annnn _bL649p |
||
| 240 | 1 | 4 |
_aLes lettres précolombiennes. _lEspañol. |
| 245 | 0 | 4 |
_aLas letras precolombinas / _ccompilación, introducción y notas por Georges Baudot ; prólogo de Jacques Soustelle ; traducción de Xavier Massimi. |
| 260 |
_aMéxico : _bSiglo Veintiuno, _c1979. |
||
| 300 |
_a290, [6] p. : _bmapas ; _c23 cm. |
||
| 490 | 1 |
_aAmérica nuestra _v24 |
|
| 504 | _aIncluye referencias bibliográficas y notas al pie de las páginas. | ||
| 534 |
_pTítulo original en francés: _tLes lettres précolombiennes. _c1976 |
||
| 700 | 1 |
_aBaudot, Georges, _947699 |
|
| 700 | 1 |
_aSoustelle, Jacques, _epról. _947700 |
|
| 700 | 1 |
_aMassimi, Xavier, _etr. _947701 |
|
| 830 | 0 |
_aAmérica nuestra ; _v24 _945567 |
|
| 049 | _aBNGR | ||
| 999 |
_c22667 _d22667 |
||